000 00580nam a22001817a 4500
005 20170818161415.0
010 _aENG-119710
020 _a8190120085
_c180.00
035 _aEN-103242
037 _bDBAD/PUB
082 _a230.35
100 _aRao, V.V.B. Rama
245 _aThe walking Shiva of Varanasi :
_blife, legends and teachings of Trailingaswami /
_cby V.V.B. Rama Rao
260 _aNew Delhi
_bRicha Prakashan
_c201?
270 _aD-36, South Extension Part-One,
_bNew Delhi
_e110049
300 _axii,177p.
_c21cm()
942 _2ddc
_cEN
_h230.35
_mRAO
999 _c143480
_d143480